000 00473nam a2200145Ia 4500
008 150610s9999 xx 000 0 und d
020 _a1580085695
050 _aPN6231
_b.C6142S43 2004
100 _aSeabrook, Jane
245 _a A guide to life's little challenges /
_cJane Seabrook.
260 _aBerkeley :
_bTen Speed Press,
_c2004.
300 _a1 v. (unpaged) :
_bcol. illustrations ;
_c16 cm.
520 _a Conduct of life.
650 _aPictorial works
_xAnimals .
999 _c288233
_d288233